Υπολογιστική λεξικογραφία : ηλεκτρονικό εβραϊκό-ελληνικό λεξικό για διδακτικούς σκοπούς : διπλωματική εργασία [πτυχιακή εργασία]

Αποθηκεύτηκε σε:
Λεπτομέρειες βιβλιογραφικής εγγραφής
Κύριος συγγραφέας: Λουίζου, Σεβαστή
Συγγραφή απο Οργανισμό/Αρχή: Πανεπιστήμιο Αιγαίου Σχολή Ανθρωπιστικών Επιστημών Τμήμα Μεσογειακών Σπουδών
Άλλοι συγγραφείς: Φραντζή, Αικατερίνη (Εισηγητής διατριβής)
Μορφή: Thesis Βιβλίο
Γλώσσα:Greek
Δημοσίευση: 2011
Θέματα:
Διαθέσιμο Online:http://hdl.handle.net/11610/8188
Ετικέτες: Προσθήκη ετικέτας
Δεν υπάρχουν, Καταχωρήστε ετικέτα πρώτοι!

MARC

LEADER 00000cam a2200000 i 4500
001 1/17467
008 120127s2011 gre d
035 |l 10111727 
040 |a GR-MY-UA  |b gre  |e aacr 
041 0 |a gre 
082 0 |a 410.285  |2 (22) 
100 1 |a Λουίζου, Σεβαστή. 
245 1 0 |a Υπολογιστική λεξικογραφία :  |b ηλεκτρονικό εβραϊκό-ελληνικό λεξικό για διδακτικούς σκοπούς : διπλωματική εργασία [πτυχιακή εργασία] /  |c Λουίζου Σεβαστή ; επιβλέπουσα: Φραντζή Α. 
260 |c 2011 
300 |a 41 σ.;  |c 30 εκ. 
500 |a Μέλη εξεταστικής επιτροπής: Καραντζόλα Ε., Παπαδοπούλου Χ. 
502 |a Πτυχιακή εργασία – Πανεπιστήμιο Αιγαίου, Ρόδος, 2011. 
504 |a Βιβλιογραφία: σ. 36-41 
650 0 0 |a Computational linguistics. 
650 0 0 |a Natural language processing (Computer science) 
650 0 0 |a Linguistics  |x Dictionaries. 
650 0 0 |a Greek language  |x Dictionaries  |x Hebrew. 
650 0 0 |a Dissertations, Academic  |z Greece. 
700 0 |a Φραντζή, Αικατερίνη.  |4 ths 
710 2 |a Πανεπιστήμιο Αιγαίου  |b Σχολή Ανθρωπιστικών Επιστημών  |b Τμήμα Μεσογειακών Σπουδών. 
852 |a INST  |b RHODES  |c DIATR  |e 20120127  |h 410.285 ΛΟΥ  |p 005400033943  |q 005400033943  |t DIE  |y 23 
852 |a INST  |b RHODES  |c DIATR  |e 20120127  |h 410.285 ΛΟΥ  |p 005400033944  |q 005400033944  |t DIE  |y 23 
856 |u http://hdl.handle.net/11610/8188 
901 |a BIBL4-2012-1 
909 |a Ρ  |b 170590 
909 |a Ρ  |b 170591 
924 |a ΛΟΥΙΖΟΥ  |b ΣΕΒΑΣΤΗ  |y ΡΟΔΟΣ  |z 2011-06 
970 |z 2012/01/27